| 000 | 02196nam0a2200385 4500 | ||
|---|---|---|---|
| 001 | RU\NLR\BIBL_A\012086390 | ||
| 005 | 20191002151018.0 | ||
| 010 |
_a978-5-9929-0454-3 _9100 |
||
| 021 |
_aRU _bКН-П-19-057032 _9КН-П-19-4096 |
||
| 035 | _a(NLR Aleph) 012086390 | ||
| 035 | _a(RuMoRGB)010056649 | ||
| 090 |
_a11831165 _c11831165 |
||
| 100 | _a20190904d2018 k y0rusy50 ca | ||
| 101 | 0 | _arus | |
| 102 | _aRU | ||
| 105 | _aa|||z|||000zy | ||
| 200 | 1 |
_aИнновационная экономика: институты, агенты, инструменты _eмонография _f[Айвазов А.Э., Беликов В.А., Сальникова И.Н. и др.] _gпод общей редакцией доктора экономических наук, профессора П.Н. Машегова _gМинистерство образования и науки Российской Федерации, Федеральное государственное бюджетное образовательное учреждение высшего образования "Орловский государственный университет имени И.С. Тургенева" |
|
| 210 |
_aОрел _cОГУ имени И.С. Тургенева _d2018 |
||
| 215 |
_a222 с. _cил., табл. _d21 |
||
| 300 | _aАвт. указаны в содерж. | ||
| 320 | _aБиблиогр. в конце гл. | ||
| 606 | 1 |
_aИнновационная экономика _2nlr_sh2 _3RU\NLR\AUTH\661585261 |
|
| 686 | 1 | _aУ5-55 | |
| 686 | 1 | _aУ9(2)-55(2Р) | |
| 701 | 1 |
_aАйвазов _bА. Э. _gАлександр Эрвинович |
|
| 701 | 1 |
_aБеликов _bВ. А. _gВладимир Александрович |
|
| 701 | 1 |
_aСальникова _bИ. Н. _gИнна Николаевна |
|
| 702 | 1 |
_aМашегов _bП. Н. _gПетр Николаевич _4340 |
|
| 712 | 0 | 2 |
_aОрловский государственный университет им. И. С. Тургенева _3RU\NLR\AUTH\889941274 _4475 |
| 942 | _cBOOK | ||
| 980 | _aNBR | ||
| 980 | _aNB | ||